opac header logoIBA Library

Japan in the 21st century : (Record no. 709)

MARC details
000 -LEADER
fixed length control field 00491nam a22001817a 4500
003 - CONTROL NUMBER IDENTIFIER
control field BD-DhUIB
005 - DATE AND TIME OF LATEST TRANSACTION
control field 20260518183505.0
008 - FIXED-LENGTH DATA ELEMENTS--GENERAL INFORMATION
fixed length control field 260518b |||||||| |||| 00| 0 eng d
020 ## - INTERNATIONAL STANDARD BOOK NUMBER
International Standard Book Number 0813123429
040 ## - CATALOGING SOURCE
Original cataloging agency BD-DhUIB
Transcribing agency BD-DhUIB
082 ## - DEWEY DECIMAL CLASSIFICATION NUMBER
Edition number 22
100 ## - MAIN ENTRY--PERSONAL NAME
Personal name Karan Prodyumna.
9 (RLIN) 1121
245 ## - TITLE STATEMENT
Title Japan in the 21st century :
Remainder of title environment economy and society/
260 ## - PUBLICATION, DISTRIBUTION, ETC.
Place of publication, distribution, etc. Japan.
Name of publisher, distributor, etc. Read Japan project.
Date of publication, distribution, etc. c2005
300 ## - PHYSICAL DESCRIPTION
Extent xii, 401p. :
Other physical details illus. ;
Dimensions cm.
526 ## - STUDY PROGRAM INFORMATION NOTE
Program name MBA
942 ## - ADDED ENTRY ELEMENTS (KOHA)
Source of classification or shelving scheme Dewey Decimal Classification
Koha item type Books
Holdings
Withdrawn status Lost status Source of classification or shelving scheme Damaged status Not for loan Collection code Home library Current library Shelving location Date acquired Source of acquisition Total Checkouts Full call number Barcode Date last seen Price effective from Koha item type
    Dewey Decimal Classification     Non-fiction IBA Library IBA Library General Stacks 05/10/2026 Gift.   952.05 00051733 05/18/2026 05/18/2026 Books
Copyright © 2021-2026 | IBA Library
Institute of Business Administration (IBA)
University of Dhaka
Library Home | IBA Home